| 000 | 00000nam 2200000za 4500 |
| 001 | 9.696442 |
| 003 | CaOODSP |
| 005 | 20221107134516 |
| 007 | cr ||||||||||| |
| 008 | 150407s1986||||xxc|||||o f|0| 0 eng d |
| 040 | |aCaOODSP|beng |
| 043 | |an-cn--- |
| 086 | 1 |aR32-257/1986E-PDF |
| 100 | 1 |aDaugherty, Wayne. |
| 245 | 10|aTreaty research report - Treaty three (1873) |h[electronic resource] / |cby Wayne E. Daugherty; [issued by] Treaties and Historical Research Centre. |
| 260 | |a[Gatineau, Q.C.] : |bIndian and Northern Affairs, |c1986. |
| 300 | |a68 p. |
| 500 | |aIssued also in French under title: Rapport de recherches sur les traités - Traité no 3. |
| 504 | |aIncludes bibliographical references. |
| 590 | |a12-32-Supp|b2012-07-11 |
| 690 | 07|aAgreements|2gcpds |
| 710 | 1 |aCanada. |bIndian and Northern Affairs Canada. |
| 775 | 08|tRapport de recherches sur les traités - Traité no 3 |w(CaOODSP)9.640557 |
| 856 | 40|qPDF|s409 KB|uhttps://publications.gc.ca/collections/collection_2012/ainc-inac/R32-257-1986-eng.pdf |